Music Quiz

Random Music Quiz
Score 0/100 Timer 20:00
0 Plays Today
Rank Video % Correct
2Hollaback Girl
87.5%
4Since U Been Gone
84.4%
3Boulevard of Broken Dreams
81.3%
11Don't Cha
81.3%
1We Belong Together
78.1%
5Gold Digger
75%
8Pon De Replay
75%
7Hung Up
71.9%
10Run It!
71.9%
35Feel Good Inc.
71.9%
61, 2 Step
68.8%
12Let Me Love You
68.8%
14Behind These Hazel Eyes
68.8%
26Rich Girl
68.8%
13Don't Phunk With My Heart
65.6%
20Beverly Hills
65.6%
9Candy Shop
62.5%
17Mr. Brightside
62.5%
24My Humps
62.5%
42Because of You
59.4%
54Cool
59.4%
16Lose Control
56.3%
19You & Me
56.3%
21How We Do
56.3%
32Switch
56.3%
40Photograph
56.3%
55Sunday Morning
56.3%
59Sugar (Gimme Some)
56.3%
15Shake It Off
53.1%
23Wake Me Up When September Ends
53.1%
31Best of You
53.1%
33Obsession (No Es Amor)
53.1%
36These Words
53.1%
63Speed of Sound
53.1%
Rank Video % Correct
25Karma
50%
27Soldier
50%
29Like You
50%
38Caught Up
50%
67One Thing
50%
18Just a Lil Bit
46.9%
28The Hand That Feeds
46.9%
44Holiday
46.9%
70Numb (Encore)
46.9%
72Cater 2 U
46.9%
80Get Right
46.9%
82Dare
46.9%
39Oh
43.8%
57Disco Inferno
43.8%
65Hate It or Love It
43.8%
75It's Like That
43.8%
76Your Body
43.8%
77Get Back
43.8%
81Girl
43.8%
83Don't Lie
43.8%
93Somewhere Only We Know
43.8%
96Heard Em Say
43.8%
37Girl
40.6%
45Sugar, We're Goin' Down
40.6%
47Luxurious
40.6%
48Nobody's Home
40.6%
52Chariot
40.6%
53Trapped in the Closet
40.6%
69Incomplete
40.6%
78Only U
40.6%
22Listen to Your Heart
37.5%
30Lonely No More
37.5%
43Blue Orchid
37.5%
49Don't Forget About Us
37.5%
Rank Video % Correct
61Pimpin' All Over the World
37.5%
62We Be Burnin'
37.5%
64Collide
37.5%
34La Tortura
34.4%
41Belly Dancer (Bananza)
34.4%
50Let Me Go
34.4%
56Breathe (2 A.M.)
34.4%
60The New Workout Plan
34.4%
74Good is Good
34.4%
95La La
34.4%
79Beautiful Soul
31.3%
90Girlfight
31.3%
92Number One Spot
31.3%
94This is How a Heart Breaks
31.3%
46Grind With Me
28.1%
58Get It Poppin'
28.1%
84Pain
28.1%
97Just Want You to Know
28.1%
1004Ever
28.1%
66Bring Em Out
25%
86Don't Bother
25%
89Boyfriend
25%
98I'm Feeling You
25%
73All These Things That I've Done
21.9%
85Wonderful
21.9%
88Look What You've Done
21.9%
91Follow Through
21.9%
99Over
21.9%
51Ordinary People
18.8%
71Wait (The Whisper Song)
18.8%
68Let Me Hold You
15.6%
87U Don't Know Me
15.6%
Remove Ads.
Support Sporcle.
Get the best of Sporcle when you Go Orange. This ad-free experience offers more features, more stats, and more fun while also helping to support Sporcle. Thank you for becoming a member.

You're not logged in!

Compare scores with friends on all Sporcle quizzes.
OR
Log In

Show Comments

Extras

Created Aug 2, 2016ReportNominate
Tags:2005, Music Videos, Top 100

Top Quizzes Today


Score Distribution

Your Account Isn't Verified!

In order to create a playlist on Sporcle, you need to verify the email address you used during registration. Go to your Sporcle Settings to finish the process.

Report this User

Report this user for behavior that violates our Community Guidelines.

Details: